| 000 | 00541nam a22001577a 4500 | ||
|---|---|---|---|
| 003 | NUST | ||
| 038 | _aNusrat Nadeem | ||
| 082 | _a200 | ||
| 100 |
_aTariq Muhammad Umer _9128616 |
||
| 245 |
_aGreenCrowd: A Generic Framework for Crowdsourcing Data to Detect Diseases in Grape Plants/ _cMuhammad Umer Tariq |
||
| 264 |
_aIslamabad _bSEECS NUST. _c2024. |
||
| 650 |
_aMS- Artificial Intelligence _9124951 |
||
| 700 |
_aSupervisor:Dr. Rizwan Ahmad _997238 |
||
| 856 | _u http://10.250.8.41:8080/xmlui/handle/123456789/51337 | ||
| 942 |
_2ddc _cSC |
||
| 999 |
_c613520 _d613520 |
||